000 00259nam a22001097a 4500
008 260422b |||||||| |||| 00| 0 eng d
100 _aNarayanachar, K S
245 _aValmiki Yaru?
260 _aHubli
_bSahitya Prakashana
_c2018
300 _a172p
942 _2ddc
999 _c1250
_d1250